Spy! / (Record no. 5951)

MARC details
000 -LEADER
fixed length control field 00959nam a22002897a 4500
001 - CONTROL NUMBER
control field 5951
003 - CONTROL NUMBER IDENTIFIER
control field FISKH
005 - DATE AND TIME OF LATEST TRANSACTION
control field 20250211082725.0
008 - FIXED-LENGTH DATA ELEMENTS--GENERAL INFORMATION
fixed length control field 250211b cb ||||| |||| 00| 0 eng d
020 ## - INTERNATIONAL STANDARD BOOK NUMBER
International Standard Book Number 9780545263535
040 ## - CATALOGING SOURCE
Original cataloging agency FISKH
Language of cataloging eng
Transcribing agency FISKH
Modifying agency FISKH
050 ## - LIBRARY OF CONGRESS CALL NUMBER
Classification number PZ7.M9814 S
082 ## - DEWEY DECIMAL CLASSIFICATION NUMBER
Classification number 473
100 ## - MAIN ENTRY--PERSONAL NAME
Personal name Myers, Anna
Dates associated with a name (1942–)
245 ## - TITLE STATEMENT
Title Spy! /
Statement of responsibility, etc. Anna Myers
250 ## - EDITION STATEMENT
Edition statement This edition first published in 2010
260 ## - PUBLICATION, DISTRIBUTION, ETC.
Place of publication, distribution, etc. New York :
Name of publisher, distributor, etc. Scholastic,
Date of publication, distribution, etc. 2008.
300 ## - PHYSICAL DESCRIPTION
Extent 211 pages :
Dimensions 20 cm
505 ## - FORMATTED CONTENTS NOTE
Formatted contents note R<br/>
520 ## - SUMMARY, ETC.
Summary, etc. In 1774, twelve-year-old Jonah becomes a pupil of Nathan Hale, who inspires him to question his beliefs about the impending revolution, and two years later, Jonah makes a decision that leads to Nathan's execution.<br/>
521 8# - TARGET AUDIENCE NOTE
Target audience note 710<br/>
Source Lexile<br/>
521 8# - TARGET AUDIENCE NOTE
Target audience note R<br/>
Source Raz-Plus<br/>
650 ## - SUBJECT ADDED ENTRY--TOPICAL TERM
Source of heading or term Historical fiction
Topical term or geographic name entry element Juvenile fiction
650 ## - SUBJECT ADDED ENTRY--TOPICAL TERM
Source of heading or term Middle grade
Topical term or geographic name entry element Young adult
942 ## - ADDED ENTRY ELEMENTS (KOHA)
Source of classification or shelving scheme Dewey Decimal Classification
Koha item type Books
Suppress in OPAC No
Holdings
Withdrawn status Lost status Source of classification or shelving scheme Damaged status Not for loan Collection Home library Current library Shelving location Date acquired Total Checkouts Full call number Barcode Date last seen Copy number Price effective from Koha item type
    Dewey Decimal Classification     Juvenile Fiction Footprints International School Library Network Toul Kork Campus Footprints International School Library Network Toul Kork Campus TTP Primary Orange Bookshelves 02/11/2025   MYE 473 PZ7.M9814 S 2025-0493 02/11/2025 1 02/11/2025 Books